Az alsó- és középfokú oktatás a fizika tantervekben

Elmentve itt :
Bibliográfiai részletek
Szerző: Tóth Andrea
További közreműködők: Szebenyi Péter (Témavezető)
Dokumentumtípus: Szakdolgozat
Megjelent: 1999
Tárgyszavak:
Online Access:http://diploma.bibl.u-szeged.hu/55978
LEADER 00551nta a2200157 i 4500
001 dipl55978
005 20160518145505.0
008 160322s1999 hu om 0|| hun d
040 |a SZTE Diploma Repozitórium  |b hun 
041 |a hun 
100 1 |a Tóth Andrea 
245 1 3 |a Az alsó- és középfokú oktatás a fizika tantervekben  |h [elektronikus dokumentum] /  |c Andrea Tóth 
260 |c 1999 
650 4 |a Bölcsészettudományok 
700 1 |a Szebenyi Péter  |e ths 
856 4 0 |u http://diploma.bibl.u-szeged.hu/id/eprint/55978/1/1999_toth_andrea.pdf  |z Dokumentum-elérés